U.S. Cities by Letter - A (Map Quiz) - Statistics

General Stats
  • This quiz has been taken 10,995 times
  • The average score is 14 of 20
Answers on the Map
Answers color-coded by a green-red scale on the quiz's map according to % correct below.
 
Answer Stats
Answer % Correct
Albuquerque
91%
Anchorage
90%
Atlanta
90%
Albany
87%
Anaheim
85%
Atlantic City
85%
Austin
78%
Akron
77%
Annapolis
76%
Ann Arbor
74%
Asheville
70%
Amarillo
69%
Augusta
66%
Ames
62%
Abilene
56%
Allentown
53%
Appleton
53%
American Fork
49%
Altoona
48%
Anacortes
44%
No matching quizzes found
Score Distribution
Percent of People with Each Score
Percentile by Number Answered
Your Score History
You have not taken this quiz